000 00256nam a22001097a 4500
008 170111b xxu||||| |||| 00| 0 eng d
020 _aZ9780766841390
041 _aeng
080 _a618.2
245 _aCOMMUNITY HEALTH NURSING
_cCARROLL, P
942 _2udc
_cBK
999 _c2710
_d2710